01122nam a2200277 a 4500001001300000003000900013005001700022008004100039020002300080082001300103100002200116245005000138260004500188300000900233500003500242505001000277505016600287650001900453700002200472902000800494942000700502952010600509952010600615952010600721999001700827nice12345678IN_TiNIC20260116014925.0100727s2009 chia grp 000 0 eng  a0226653714 c50000a270bPEL aPelikan, Jaroslav aEmergence of the Catholic Tradition (100-600) aChicagobChicago University Press c2009 a394p aincludes index and biblioraphy2 aIndex2 aIndex00gV1.tEmergence of the Catholic Tradition (100-600).--gV2.tSpirit of Eastern Christendom (600-1700).--gV5.tChristian Doctrine and Modern Culture (sin aChurch-History1 aPelikan, Jaroslav bSRS cBK 001040708REFaHMIbHMIcREFd0000-00-00g500.00l0o270 PELp11002207r0000-00-00w2026-01-16yBK 001040708REFaHMIbHMIcREFd0000-00-00g500.00l0o270 PELp11002208r0000-00-00w2026-01-16yBK 001040708REFaHMIbHMIcREFd0000-00-00g500.00l0o270 PELp11002209r0000-00-00w2026-01-16yBK c17566d17566